<?xml version="1.0" encoding="UTF-8"?>
<record
    xmlns:xsi="http://www.w3.org/2001/XMLSchema-instance"
    xsi:schemaLocation="http://www.loc.gov/MARC21/slim http://www.loc.gov/standards/marcxml/schema/MARC21slim.xsd"
    xmlns="http://www.loc.gov/MARC21/slim">

  <leader>03888nam a2200577Ia 4500</leader>
  <controlfield tag="001">589</controlfield>
  <controlfield tag="008">241029s9999    xx            000 0 und d</controlfield>
  <datafield tag="010" ind1=" " ind2=" ">
    <subfield code="a">538</subfield>
  </datafield>
  <datafield tag="041" ind1=" " ind2=" ">
    <subfield code="a">Espa&#xF1;ol</subfield>
  </datafield>
  <datafield tag="082" ind1=" " ind2=" ">
    <subfield code="a">NO APLICA</subfield>
  </datafield>
  <datafield tag="245" ind1=" " ind2="0">
    <subfield code="a">Importancia de los recursos did&#xE1;cticos para mejorar los procesos de ense&#xF1;anza y aprendizaje de la lectura y escritura en el Primer Grado de la Educaci&#xF3;n B&#xE1;sica, Colegio Berlingue Carrusel Infantil 2013-2014</subfield>
  </datafield>
  <datafield tag="260" ind1=" " ind2=" ">
    <subfield code="a">Santo Domingo</subfield>
  </datafield>
  <datafield tag="300" ind1=" " ind2=" ">
    <subfield code="a">127</subfield>
  </datafield>
  <datafield tag="520" ind1=" " ind2=" ">
    <subfield code="a">30</subfield>
  </datafield>
  <datafield tag="630" ind1=" " ind2=" ">
    <subfield code="a">Estrategia</subfield>
  </datafield>
  <datafield tag="630" ind1=" " ind2=" ">
    <subfield code="a">Proceso de Ense&#xF1;anza-Aprendizaje</subfield>
  </datafield>
  <datafield tag="630" ind1=" " ind2=" ">
    <subfield code="a">Psicolog&#xED;a-Evaluaci&#xF3;n</subfield>
  </datafield>
  <datafield tag="630" ind1=" " ind2=" ">
    <subfield code="a">Recursos Audiovisuales</subfield>
  </datafield>
  <datafield tag="630" ind1=" " ind2=" ">
    <subfield code="a">Recursos Did&#xE1;cticos</subfield>
  </datafield>
  <datafield tag="650" ind1=" " ind2=" ">
    <subfield code="a">Lengua Espa&#xF1;ola</subfield>
  </datafield>
  <datafield tag="690" ind1=" " ind2=" ">
    <subfield code="a">Elaborado</subfield>
  </datafield>
  <datafield tag="700" ind1=" " ind2=" ">
    <subfield code="e">asesor</subfield>
    <subfield code="a"> P&#xE9;rez , Miledis</subfield>
  </datafield>
  <datafield tag="700" ind1=" " ind2=" ">
    <subfield code="e">autor</subfield>
    <subfield code="a">Mont&#xE1;s Domrnrch, Yasmin Hip&#xF3;lita </subfield>
  </datafield>
  <datafield tag="700" ind1=" " ind2=" ">
    <subfield code="e">autor</subfield>
    <subfield code="a">Zur&#xFA; Campusano, Zoraya Altagracia</subfield>
  </datafield>
  <datafield tag="901" ind1=" " ind2=" ">
    <subfield code="a">{"1":"Mont&#xE1;s Domrnrch","2":"Zur&#xFA; Campusano"}</subfield>
    <subfield code="b">{"1":"Yasmin Hip&#xF3;lita ","2":"Zoraya Altagracia"}</subfield>
  </datafield>
  <datafield tag="902" ind1=" " ind2=" ">
    <subfield code="a">1</subfield>
  </datafield>
  <datafield tag="903" ind1=" " ind2=" ">
    <subfield code="a">{"1":" P&#xE9;rez "}</subfield>
    <subfield code="b">{"1":"Miledis"}</subfield>
  </datafield>
  <datafield tag="904" ind1=" " ind2=" ">
    <subfield code="a">Maestr&#xED;a en</subfield>
  </datafield>
  <datafield tag="905" ind1=" " ind2=" ">
    <subfield code="a">Educaci&#xF3;n</subfield>
  </datafield>
  <datafield tag="906" ind1=" " ind2=" ">
    <subfield code="a">1</subfield>
  </datafield>
  <datafield tag="907" ind1=" " ind2=" ">
    <subfield code="a">Menci&#xF3;n en</subfield>
  </datafield>
  <datafield tag="908" ind1=" " ind2=" ">
    <subfield code="a">Gesti&#xF3;n de Centros Educativos</subfield>
  </datafield>
  <datafield tag="909" ind1=" " ind2=" ">
    <subfield code="a">Universidad Abierta para Adultos (UAPA), Recinto Santo Domingo Oriental</subfield>
  </datafield>
  <datafield tag="910" ind1=" " ind2=" ">
    <subfield code="a">NULL</subfield>
    <subfield code="b">NULL</subfield>
  </datafield>
  <datafield tag="911" ind1=" " ind2=" ">
    <subfield code="a">["1"]</subfield>
  </datafield>
  <datafield tag="912" ind1=" " ind2=" ">
    <subfield code="a">NO APLICA</subfield>
  </datafield>
  <datafield tag="913" ind1=" " ind2=" ">
    <subfield code="a">NULL</subfield>
  </datafield>
  <datafield tag="914" ind1=" " ind2=" ">
    <subfield code="a">03 de Febrero de 2014</subfield>
  </datafield>
  <datafield tag="915" ind1=" " ind2=" ">
    <subfield code="a">20/07/15 09:07</subfield>
  </datafield>
  <datafield tag="916" ind1=" " ind2=" ">
    <subfield code="a">NULL</subfield>
  </datafield>
  <datafield tag="917" ind1=" " ind2=" ">
    <subfield code="a">NULL</subfield>
  </datafield>
  <datafield tag="918" ind1=" " ind2=" ">
    <subfield code="a">NO APLICA</subfield>
  </datafield>
  <datafield tag="919" ind1=" " ind2=" ">
    <subfield code="a">["92","163","173","174","175"]</subfield>
  </datafield>
  <datafield tag="520" ind1=" " ind2=" ">
    <subfield code="a">Los principales prop&#xF3;sitos del estudio consistieron en determinar las causas que originan las dificultades de lectura y escritura durante el proceso de ense&#xF1;anza aprendizaje, identificar las dificultades que presentan los ni&#xF1;os en el proceso de ense&#xF1;anza de la lectura y escritura, se&#xF1;alar las consecuencias de las dificultades de la lectura, enumerar los recursos did&#xE1;cticos que contribuyen a mejorar el proceso de la ense&#xF1;anza de la lectura y la escritura, y determinar la importancia de los recursos did&#xE1;cticos para mejorar los procesos de ense&#xF1;anza y aprendizaje de la lectura y escritura en&#xA0;Primer Grado de Educaci&#xF3;n B&#xE1;sica.Esta investigaci&#xF3;n es de tipo descriptivo y de campo, &#xA0;los m&#xE9;todos empleados &#xA0;fueron el anal&#xED;tico y el deductivo, las t&#xE9;cnicas utilizadas fueron la encuesta y la observaci&#xF3;n. La poblaci&#xF3;n objeto de estudio fueron los ni&#xF1;os y las ni&#xF1;as de Primer Grado de Educaci&#xF3;n B&#xE1;sica del colegio Carrusel infantil, constituida por 11 estudiantes y 3 docentes; En este estudio se consult&#xF3; el total de la poblaci&#xF3;n indicada. &#xA0;Los an&#xE1;lisis realizados indican, que el grado de madur&#xE9;s, factores gen&#xE9;ticos, los factores ambientales, el irrespeto en las l&#xED;neas del rengl&#xF3;n, &#xA0;en un 100%, la omisi&#xF3;n de letras, la inadaptaci&#xF3;n, en un 67%, y la timidez en un 33%, son las causas que originan las dificultades de lectura y escritura durante el proceso de ense&#xF1;anza aprendizaje.. Entre las consecuencias de la dificultad de la lectura se encuentran el bajo rendimiento escolar, &#xA0;por la baja autoestima, desmotivaci&#xF3;n, problemas conductuales y la poca asimilaci&#xF3;n de los contenidos.Los an&#xE1;lisis indicaron, adem&#xE1;s, que los recursos did&#xE1;cticos que contribuyen a mejorar el proceso de la ense&#xF1;anza de la lectura y escritura &#xA0;en los procesos de ense&#xF1;anza y aprendizajes en un 67% est&#xE1;n los audiovisuales, los cuentos en un 33%, los recursos did&#xE1;cticos manipulativas en un 67%. &#xA0;La importancia de los recursos did&#xE1;cticos radica en que a trav&#xE9;s de estos se facilita la internalizaci&#xF3;n de los aprendizajes y se desarrollan las destrezas y habilidades, la autoconfianza y aumenta la participaci&#xF3;n activa.</subfield>
  </datafield>
  <datafield tag="921" ind1=" " ind2=" ">
    <subfield code="a">16</subfield>
  </datafield>
  <datafield tag="922" ind1=" " ind2=" ">
    <subfield code="a">16</subfield>
  </datafield>
  <datafield tag="923" ind1=" " ind2=" ">
    <subfield code="a">0</subfield>
  </datafield>
  <datafield tag="924" ind1=" " ind2=" ">
    <subfield code="a">NO APLICA</subfield>
  </datafield>
  <datafield tag="942" ind1=" " ind2=" ">
    <subfield code="c">Tesis</subfield>
  </datafield>
  <datafield tag="999" ind1=" " ind2=" ">
    <subfield code="c">538</subfield>
    <subfield code="d">538</subfield>
  </datafield>
</record>
